书目信息 |
| 题名: |
越南文化教育研究
|
|
| 作者: | 刘捷 , 罗琴 著 | |
| 分册: | ||
| 出版信息: | 北京 外语教学与研究出版社 2023.06 |
|
| 页数: | 342页 | |
| 开本: | 24cm | |
| 丛书名: | "一带一路 " 国家文化教育大系 | |
| 单 册: | ||
| 中图分类: | G533.3 | |
| 科图分类: | ||
| 主题词: | 教育事业--世界 | |
| 电子资源: | ||
| ISBN: | 978-7-5213-4644-2 | |
| 000 | 00905nam0 2200253 450 | |
| 001 | 2439046706 | |
| 005 | 20241121105325.45 | |
| 010 | @a978-7-5213-4644-2@dCNY170.00 | |
| 100 | @a20241121d2023 km y0chiy0120 ea | |
| 101 | 0 | @achi |
| 102 | @aCN@b110000 | |
| 200 | 1 | @a越南文化教育研究@AYue Nan Wen Hua Jiao Yu Yan Jiu@f刘捷, 罗琴著@FLiu Jie,Luo Qin Zhu |
| 210 | @a北京@c外语教学与研究出版社@d2023.06 | |
| 215 | @a342页@d24cm | |
| 225 | 2 | @a"一带一路 " 国家文化教育大系 |
| 300 | @a国家社会科学基金 ( 教育学 ) 重大项目 ( VDA200004 ) 阶段性研究成果 北京外国语大学“双一流 ” 建设标志性项目 ( BW202018 ) 阶段性研究成果 | |
| 410 | 0 | @12001 @a"一带一路 " 国家文化教育大系 |
| 510 | 1 | @a= v?n hóa v? giáo d?c vi?t nam |
| 606 | 0 | @a教育事业@x世界 |
| 690 | @aG533.3@v4 | |
| 701 | 0 | @a刘捷@ALiu Jie@4著 |
| 701 | 0 | @a罗琴@ALuo Qin@4著 |
| 801 | 0 | @aCN@b河南城建学院图书馆@c20241121 |
| 905 | @dG533.3@eL631 | |
| 越南文化教育研究/刘捷, 罗琴著.-北京:外语教学与研究出版社,2023.06 |
| 342页;24cm.-("一带一路 " 国家文化教育大系) |
| 国家社会科学基金 ( 教育学 ) 重大项目 ( VDA200004 ) 阶段性研究成果 北京外国语大学“双一流 ” 建设标志性项目 ( BW202018 ) 阶段性研究成果 |
| ISBN 978-7-5213-4644-2:CNY170.00 |
| ● |
| 相关链接 |
|
|
|
正题名:越南文化教育研究
索取号:G533.3/L631
 
预约/预借
| 序号 | 登录号 | 条形码 | 馆藏地/架位号 | 状态 | 备注 |
| 1 | 1554160 | 215541607 | 外国语学院资料室/ [索取号:G533.3/L631] | 在馆 |